000 00779nam a2200241Ia 4500
003 OSt
005 20220916110919.0
006 a|||||r|||| 00| 0
007 ta
008 220915b |||||||| |||| 00| 0 hin d
024 _a204413
037 _cTextbook
040 _bhin
_aARTS
_cARTS
041 _ahin
082 _aRvN7, 152L3
100 _aसिन्हा, अजितकुमार
245 0 _aसमकालीन दर्शन
246 _aSamakālīn darshana
260 _aचण्डीगढ़
_bहरियाणा हिन्दी ग्रंथ अकादमी
_c1973
300 _a14,296पृ0
_ccm.
942 _hRvN7, 152L3
_cTB
_2CC
999 _c101257
_d101257